All Cities in China with Population of 1 Million - Smaller Circles - Statistics

General Stats
  • This quiz has been taken 10 times
  • The average score is 69 of 138
Answers on the Map
Answers color-coded by a green-red scale on the quiz's map according to % correct below.
 
Answer Stats
Pop Agglomeration % Correct
21.2 m Beijing
100%
17.3 m Chengdu
100%
70.1 m Guangzhou (incl Shenzhen)
100%
7.25 m Hong Kong
100%
40.8 m Shanghai
100%
4.85 m Urumqi
100%
12.2 m Wuhan
100%
12.8 m Xi'an
100%
10.9 m Chongqing
89%
4.65 m Fuzhou
89%
6.55 m Jinan
89%
9.30 m Nanjing
89%
11.5 m Tianjin
89%
14.9 m Xiamen
89%
2.18 m Baotou
78%
5.05 m Changchun
78%
11.0 m Changsha
78%
5.30 m Dalian
78%
5.05 m Guiyang
78%
2.68 m Haikou
78%
13.9 m Hangzhou
78%
5.45 m Harbin
78%
7.80 m Hefei
78%
2.73 m Hohhot
78%
6.50 m Kunming
78%
3.50 m Lanzhou
78%
3.60 m Luoyang
78%
5.30 m Nanning
78%
7.45 m Qingdao
78%
1.03 m Qiqihar
78%
8.00 m Shantou
78%
8.70 m Shenyang
78%
6.20 m Shijiazhuang
78%
5.95 m Taiyuan
78%
5.10 m Wenzhou
78%
1.79 m Wuhu
78%
3.08 m Xuzhou
78%
2.50 m Yantai
78%
2.40 m Yinchuan
78%
9.80 m Zhengzhou
78%
2.35 m Anshan
67%
1.85 m Daqing
67%
1.95 m Datong
67%
2.08 m Ganzhou
67%
2.83 m Handan
67%
1.61 m Jilin
67%
4.45 m Linyi
67%
4.98 m Nanchang
67%
7.30 m Ningbo
67%
1.46 m Taizhou (Jiangsu)
67%
2.58 m Taizhou (Zhejiang)
67%
2.70 m Tangshan
67%
3.18 m Weifang
67%
1.47 m Weihai
67%
2.18 m Xining
67%
2.60 m Xinxiang
67%
2.55 m Zhuhai
67%
3.88 m Zibo
67%
2.15 m Baoding
56%
1.05 m Beihai
56%
1.31 m Kaifeng
56%
1.03 m Langfang
56%
2.43 m Liuzhou
56%
1.68 m Qinhuangdao
56%
1.52 m Tai'an
56%
2.25 m Yangzhou
56%
1.43 m Zhangjiakou
56%
1.94 m Bengbu
44%
1.16 m Chifeng
44%
1.24 m Dezhou
44%
1.76 m Guilin
44%
1.50 m Heze
44%
1.87 m Huainan
44%
1.53 m Jinhua
44%
1.84 m Jining
44%
1.23 m Jinzhou
44%
1.74 m Mianyang
44%
1.39 m Nanchong
44%
3.35 m Nantong
44%
1.26 m Yibin
44%
2.58 m Yiwu
44%
1.84 m Zhanjiang
44%
1.94 m Zunyi
44%
1.91 m Anyang
33%
1.20 m Changde
33%
1.31 m Dazhou
33%
1.35 m Fuyang
33%
1.23 m Hengyang
33%
1.90 m Huai'an
33%
2.18 m Jiaxing
33%
1.18 m Liaocheng
33%
1.24 m Lu'an
33%
1.29 m Luzhou
33%
1.41 m Maoming
33%
1.61 m Nanyang
33%
1.67 m Puyang
33%
1.24 m Rizhao
33%
1.16 m Wanzhou
33%
1.77 m Xiangyang
33%
1.43 m Yancheng
33%
1.54 m Yulin
33%
1.84 m Zaozhuang
33%
1.13 m Zhaoqing
33%
1.19 m Baoji
22%
1.03 m Chuzhou
22%
1.03 m Dongying
22%
1.16 m Ezhou
22%
1.31 m Huaibei
22%
1.69 m Huzhou
22%
1.13 m Lianyungang
22%
1.00 m Linfen
22%
1.30 m Qingyuan
22%
1.11 m Qujing
22%
1.52 m Shangrao
22%
1.64 m Xingtai
22%
1.37 m Yichang
22%
1.77 m Cangnan
11%
1.23 m Changzhi
11%
1.04 m Huludao
11%
3.10 m Jiangyin
11%
1.60 m Jiaozuo
11%
1.05 m Jiujiang
11%
1.00 m Liuyang
11%
1.02 m Panjin
11%
2.03 m Pingdingshan
11%
1.67 m Shangqiu
11%
1.05 m Shaoyang
11%
1.36 m Xuchang
11%
1.20 m Yueyang
11%
1.19 m Zhenjiang
11%
1.05 m Zhoukou
11%
1.02 m Guigang
0%
1.02 m Hengshui
0%
1.04 m Shiyan
0%
1.08 m Shuyang
0%
1.19 m Suqian
0%
1.18 m Xinyang
0%
1.06 m Yongkang
0%
No matching quizzes found
Score Distribution
Percent of People with Each Score
Percentile by Number Answered
Your Score History
You have not taken this quiz